[Event "Mittelrhein Verbandsliga Ost 1415"]
[Site "Mittelrhein"]
[Date "2015.02.22"]
[Round "8.5"]
[White "Bachem, Oliver"]
[Black "Kneutgen, Alexander"]
[Result "1-0"]
[WhiteElo "1863"]
[BlackElo "1976"]
[PlyCount "59"]
[EventDate "2014.09.07"]
[EventType "team-tourn"]
[EventRounds "11"]
[EventCountry "GER"]
[SourceTitle "EXT 2023"]
[Source "ChessBase"]
[SourceDate "2022.10.05"]
[SourceVersion "1"]
[SourceVersionDate "2022.10.05"]
[SourceQuality "1"]
[WhiteTeam "Fritzdorf"]
[BlackTeam "Niederkassel II"]
[WhiteTeamCountry "GER"]
[BlackTeamCountry "GER"]

1. e4 e6 2. d4 d5 3. exd5 exd5 4. Bd3 Nc6 5. c3 Bd6 6. Nf3 Bg4 7. Be3 Nge7 8. Nbd2 Qd7 9. Qc2 Bf5 10. 0-0 Bxd3 11. Qxd3 0-0-0 12. b4 Rde8 13. b5 Nd8 14. c4 dxc4 15. Nxc4 Kb8 16. Nxd6 Qxd6 17. a4 Nd5 18. a5 h5 19. Rfb1 h4 20. b6 cxb6 21. axb6 a6 22. Bg5 h3 23. Bxd8 Qxd8 24. Ne5 Re7 25. Nc6+ bxc6 26. Qxa6 Nc7 27. bxc7+ Kxc7 28. Rb7+ Kd6 29. Qa3+ Ke6 30. Re1+ 1-0

[Event "Mittelrhein Verbandsliga Ost 1415"]
[Site "Mittelrhein"]
[Date "2015.01.11"]
[Round "6.5"]
[White "Bachem, Oliver"]
[Black "Brochhagen, Thomas"]
[Result "1-0"]
[WhiteElo "1832"]
[BlackElo "1919"]
[PlyCount "125"]
[EventDate "2014.09.07"]
[EventType "team-tourn"]
[EventRounds "11"]
[EventCountry "GER"]
[SourceTitle "EXT 2023"]
[Source "ChessBase"]
[SourceDate "2022.10.05"]
[SourceVersion "1"]
[SourceVersionDate "2022.10.05"]
[SourceQuality "1"]
[WhiteTeam "Fritzdorf"]
[BlackTeam "Langenfeld II"]
[WhiteTeamCountry "GER"]
[BlackTeamCountry "GER"]

1. e4 e5 2. Nf3 d6 3. d4 Qe7 4. Nc3 c6 5. Bc4 g6 6. 0-0 Bg7 7. Be3 Nh6 8. Qd2 Ng4 9. h3 Nxe3 10. Qxe3 0-0 11. dxe5 dxe5 12. Ne2 a5 13. c3 Be6 14. Bxe6 Qxe6 15. Qb6 Qe7 16. Rfd1 Ra6 17. Qe3 Nd7 18. Nc1 Raa8 19. Nd3 f6 20. Rd2 Rfd8 21. Rad1 h5 22. Nh4 Kh7 23. Qg3 Nf8 24. Ne1 Rxd2 25. Rxd2 Bh6 26. Rd1 Bg5 27. Nd3 Rd8 28. Nf3 Bh6 29. Nd2 a4 30. Qf3 Ne6 31. Qe2 Rd7 32. Nc4 Qd8 33. Ne3 Bxe3 34. fxe3 Nc5 35. Nf2 Rxd1+ 36. Nxd1 Nxe4 37. Qc2 Nc5 38. Nf2 Qd5 39. c4 Qd6 40. b4 axb3 41. axb3 f5 42. Qa2 Na6 43. Qc2 Nb4 44. Qc3 c5 45. Qb2 Kg7 46. Qc3 Kf6 47. g4 Kg5 48. gxf5 gxf5 49. Kf1 Kh4 50. Qe1 Kg5 51. Qc3 Kf6 52. Ke2 Ke7 53. Qa1 Kd7 54. Qa8 Kc7 55. Qh8 f4 56. exf4 exf4 57. Qxh5 Qe7+ 58. Kf1 Qe3 59. Qh7+ Kb8 60. Qe4 Qg3 61. Qe5+ Ka8 62. Qxc5 Nd3 63. Qa5+ 1-0

[Event "Mittelrhein Verbandsliga Ost 1415"]
[Site "Mittelrhein"]
[Date "2014.09.07"]
[Round "1.4"]
[White "Krebs, Dietmar"]
[Black "Bachem, Oliver"]
[Result "1/2-1/2"]
[WhiteElo "1912"]
[BlackElo "1832"]
[PlyCount "54"]
[EventDate "2014.09.07"]
[EventType "team-tourn"]
[EventRounds "11"]
[EventCountry "GER"]
[SourceTitle "EXT 2023"]
[Source "ChessBase"]
[SourceDate "2022.10.05"]
[SourceVersion "1"]
[SourceVersionDate "2022.10.05"]
[SourceQuality "1"]
[WhiteTeam "Koeln Lasker II"]
[BlackTeam "Fritzdorf"]
[WhiteTeamCountry "GER"]
[BlackTeamCountry "GER"]

1. e4 e6 2. d4 d5 3. Nd2 dxe4 4. Nxe4 Nd7 5. Nf3 Ngf6 6. Bd3 Nxe4 7. Bxe4 Nf6 8. Bd3 c5 9. 0-0 cxd4 10. Nxd4 Bc5 11. Nf3 0-0 12. Bg5 Be7 13. Qe2 Nd5 14. Bxe7 Qxe7 15. Qe4 Nf6 16. Qh4 h6 17. Rfe1 Bd7 18. Ne5 Rfe8 19. Rad1 Rad8 20. h3 a6 21. a3 Qc5 22. Qg3 Bb5 23. b4 Qb6 24. Bxb5 Qxb5 25. c4 Qb6 26. Qf4 Rxd1 27. Rxd1 Rd8 1/2-1/2

[Event "Bad Godesberg op 16th"]
[Site "Bad Godesberg"]
[Date "2012.07.14"]
[Round "8"]
[White "Wecker, Martin"]
[Black "Bachem, Oliver"]
[Result "0-1"]
[WhiteElo "2048"]
[BlackElo "1887"]
[PlyCount "102"]
[EventDate "2012.07.07"]
[EventType "swiss"]
[EventRounds "9"]
[EventCountry "GER"]
[SourceTitle "CBM 149 Extra"]
[Source "ChessBase"]
[SourceDate "2012.08.24"]
[SourceVersion "1"]
[SourceVersionDate "2012.08.24"]
[SourceQuality "1"]

1. e4 d5 2. exd5 Nf6 3. Nf3 Nxd5 4. d4 Bf5 5. c4 Nb4 6. Qa4+ N8c6 7. Na3 e6 8. Bd2 Be4 9. Bc3 Be7 10. Be2 0-0 11. 0-0 Nd3 12. Bxd3 Bxd3 13. Qd1 Bxf1 14. Qxf1 Bxa3 15. bxa3 Qd6 16. Qd3 f6 17. Bd2 Rad8 18. Be3 Rfe8 19. Rb1 e5 20. d5 e4 21. Qb3 exf3 22. dxc6 Qxc6 23. Bxa7 b6 24. c5+ Kh8 25. cxb6 cxb6 26. Qxf3 Qxf3 27. gxf3 Ra8 28. Bxb6 Rxa3 29. Be3 Rxa2 30. f4 h6 31. Rb3 Kh7 32. Kg2 Kg6 33. Kg3 Ra1 34. Rb5 Rg1+ 35. Kf3 f5 36. Rc5 Rf8 37. Rc1 Rxc1 38. Bxc1 Kh5 39. Bb2 g5 40. fxg5 hxg5 41. Kg3 Rb8 42. Bd4 Rb3+ 43. Kg2 Kg4 44. Bf6 f4 45. f3+ Rxf3 46. Bxg5 Re3 47. Bd8 Re2+ 48. Kf1 Rxh2 49. Ba5 Ra2 50. Bc3 Kf3 51. Kg1 Ke2 0-1

[Event "Bad Godesberg op 15th"]
[Site "Bad Godesberg"]
[Date "2011.07.25"]
[Round "3"]
[White "Eckermann, Juergen"]
[Black "Bachem, Oliver"]
[Result "0-1"]
[WhiteElo "1619"]
[BlackElo "1664"]
[PlyCount "136"]
[EventDate "2011.07.23"]
[EventType "swiss"]
[EventRounds "9"]
[EventCountry "GER"]
[SourceTitle "EXT 2017"]
[Source "ChessBase"]
[SourceDate "2016.10.25"]
[SourceVersion "1"]
[SourceVersionDate "2016.10.25"]
[SourceQuality "1"]

1. d4 Nf6 2. c4 e6 3. Nf3 c5 4. g3 Nc6 5. Bg2 cxd4 6. Nxd4 Bc5 7. Nb3 Bb6 8. c5 Bxc5 9. 0-0 Be7 10. e4 0-0 11. Nc3 a6 12. Bf4 d6 13. h3 e5 14. Be3 Be6 15. Nd5 Bxd5 16. exd5 Na7 17. f4 exf4 18. Bxa7 Rxa7 19. Rxf4 Qb6+ 20. Kh2 Raa8 21. Rc4 Rac8 22. Rac1 Rxc4 23. Rxc4 Qf2 24. Qc2 Qe1 25. Qc3 Qf2 26. Qc2 Qxc2 27. Rxc2 Bd8 28. Nd4 Bb6 29. Nf5 Rd8 30. b4 g6 31. Ne7+ Kf8 32. Nc8 Bc5 33. bxc5 Rxc8 34. c6 bxc6 35. dxc6 Rc7 36. Rb2 d5 37. Rb6 Ke7 38. Rxa6 Kd6 39. a4 Rxc6 40. Ra7 Rc7 41. Ra6+ Ke5 42. g4 Ne4 43. Bxe4 Kxe4 44. Rf6 Ra7 45. Kg3 Kd3 46. a5 d4 47. a6 Kd2 48. Kf2 d3 49. Rd6 Kc2 50. Rc6+ Kd1 51. Rb6 d2 52. Rc6 Re7 53. g5 Re5 54. a7 Rf5+ 55. Ke3 Ra5 56. Rd6 Ra3+ 57. Rd3 Rxd3+ 58. Kxd3 Ke1 59. a8Q d1Q+ 60. Ke4 Qe2+ 61. Kf4 Qh2+ 62. Kg4 Qe2+ 63. Kg3 Qf2+ 64. Kg4 Qd4+ 65. Kg3 Qe3+ 66. Kg4 f5+ 67. gxf6 h5+ 68. Kh4 Qf4# 0-1

[Event "GER-ch U10"]
[Site "Willingen"]
[Date "2009.06.02"]
[Round "5"]
[White "Bachem, Oliver"]
[Black "Baskin, Robert"]
[Result "1/2-1/2"]
[WhiteElo "1349"]
[BlackElo "1697"]
[PlyCount "44"]
[EventDate "2009.05.30"]
[EventType "swiss"]
[EventRounds "11"]
[EventCountry "GER"]
[SourceTitle "EXT 2010"]
[Source "ChessBase"]
[SourceDate "2010.11.25"]
[SourceVersion "1"]
[SourceVersionDate "2010.11.25"]
[SourceQuality "1"]

1. e4 e6 2. d4 d5 3. Nd2 c5 4. c3 cxd4 5. cxd4 dxe4 6. Nxe4 Bb4+ 7. Nc3 Nf6 8. a3 Be7 9. Nf3 0-0 10. Be3 b6 11. Be2 Bb7 12. 0-0 Nbd7 13. Rc1 Rc8 14. Qd3 Nd5 15. Nxd5 Bxd5 16. Rxc8 Qxc8 17. Ng5 Bxg5 18. Bxg5 h6 19. Be3 Qb7 20. f3 Rc8 21. Rc1 Rxc1+ 22. Bxc1 Qc6 1/2-1/2

[Event "GER-ch U10"]
[Site "Willingen"]
[Date "2009.06.01"]
[Round "3"]
[White "Bachem, Oliver"]
[Black "Berdin, Victoria"]
[Result "1-0"]
[WhiteElo "1349"]
[BlackElo "1137"]
[PlyCount "119"]
[EventDate "2009.05.30"]
[EventType "swiss"]
[EventRounds "11"]
[EventCountry "GER"]
[SourceTitle "EXT 2010"]
[Source "ChessBase"]
[SourceDate "2010.11.25"]
[SourceVersion "1"]
[SourceVersionDate "2010.11.25"]
[SourceQuality "1"]

1. e4 e5 2. Nf3 Nc6 3. d4 exd4 4. Bc4 h6 5. Nxd4 d6 6. Nxc6 bxc6 7. 0-0 Be7 8. Nc3 Bf6 9. Bd2 Ne7 10. Re1 0-0 11. Rb1 Be6 12. Bb3 Rb8 13. Qc1 Ng6 14. Be3 Bxb3 15. cxb3 Ra8 16. Qd2 Qe7 17. Rbd1 Rad8 18. Bxa7 Be5 19. Be3 Qf6 20. Rf1 Qh4 21. f4 Bxc3 22. bxc3 Qe7 23. Qd3 Ra8 24. a4 Rab8 25. b4 Rfe8 26. Bd2 Qxe4 27. Qxe4 Rxe4 28. Rde1 Rxe1 29. Rxe1 Ra8 30. a5 Rd8 31. Be3 Re8 32. a6 Nxf4 33. a7 Nd5 34. Ra1 Ra8 35. Bd4 Nb6 36. Ra6 g6 37. Bxb6 cxb6 38. Rxb6 Rxa7 39. Rxc6 Rd7 40. b5 Kf8 41. Kf2 Ke7 42. Ke3 Rb7 43. c4 Kd7 44. Kd4 Rc7 45. Ra6 Rc5 46. Ra7+ Rc7 47. b6 Rxa7 48. bxa7 Kc7 49. a8Q Kd7 50. Qf8 Ke6 51. c5 dxc5+ 52. Qxc5 Kf6 53. g4 Kg7 54. h4 Kh7 55. Qe7 h5 56. Qxf7+ Kh8 57. Ke5 hxg4 58. Kf6 g3 59. Kxg6 g2 60. Qh7# 1-0